000 00344nam a2200145Ia 4500
008 220928s9999 xx 000 0 und d
082 _bGUP
100 _aGUPTA, ALOK
245 0 _aSANSTHA PRADHAN MARGDARSHIKA
260 _bYATINDRA SAHITYA BHAWAN, BHILWARA
_c2013
300 _a260
650 _aGeneral
942 _cBK
999 _c208375
_d208375
041 _aHINDI